000 00500nam a22001817a 4500
003 NUST - PNEC
005 20170116180809.0
008 150427b xxu||||| |||| 00| 0 eng d
040 _cLIBRARY
082 _a371.02 MAG
100 _93225
_aMager F.Robert,
245 _aHRD Training and Development Voume 5
_cRobert F. Mager
250 _a-
260 _aIndia :
_bNew Delhi,
_cc 1999.
300 _a159 p . :
650 _93226
_aHRD Training and Development Voume 5
_xGernal.
942 _2ddc
_cBK
999 _c63309
_d63309